Cómo combatir el desempleo en la nueva economía?: un análisis de Chile, Latinoamérica y la experiencia holandesa

Αποθηκεύτηκε σε:
Λεπτομέρειες βιβλιογραφικής εγγραφής
Κύριος συγγραφέας: Peralta Martínez, Gabriel (Συγγραφέας)
Μορφή: Βιβλίο
Γλώσσα:Ισπανικά
Έκδοση: Santiago Corporación de Investigaciones Sociales 2004
Santiago SERCOTEC 2004
Έκδοση:1a. ed
Θέματα:
Ετικέτες: Προσθήκη ετικέτας
Δεν υπάρχουν, Καταχωρήστε ετικέτα πρώτοι!

MARC

LEADER 00000nam a2200000 a 4500
001 UCK1009
003 CL-VaPUC
005 20241127112122.0
008 041029e20040000cl 1 spa d
044 |a cl  |2 marc 
044 |a cl  |2 marc 
082 0 4 |a 331.137  |b PER  |2 21 
100 1 |a Peralta Martínez, Gabriel  |e author  |9 620641 
245 1 0 |a Cómo combatir el desempleo en la nueva economía?: un análisis de Chile, Latinoamérica y la experiencia holandesa 
250 |a 1a. ed 
260 |a Santiago  |b Corporación de Investigaciones Sociales  |c 2004 
260 |a Santiago  |b SERCOTEC  |c 2004 
300 |a 149 p 
583 |a last modification  |c 20190823 10:31:05  |k Rodrigo Vera 
650 0 0 |a Desempleo   |9 257579 
650 0 0 |a Problemas sociales  |9 258537 
650 0 0 |a Oferta y demanda  |9 255571 
650 0 0 |a Política social  |9 257588 
650 0 0 |a Desarrollo económico y social   |9 256320 
651 7 |a CHILE  |2 CL-VaPUC  |9 620642 
651 0 |a América Latina   |9 255027 
651 0 |a Holanda  |9 267234 
942 |c BK 
945 |a cmena  |d 20041029 00:00:00 
546 |a En Español 
536 |a F.E.S 
536 |a Embajada de Holanda 
536 |a I.N.P 
536 |a INJUV  |9 606541 
536 |a SERCOTEC 
518 |p Seminario Internacional ¿Cómo Combatir el Desempleo en la Nueva Economía?, 1, Santiago, 26 de noviembre de 2002 
999 |c 384079  |d 384077 
952 |0 0  |1 0  |4 0  |6 331_137000000000000_PER_2004  |7 0  |8 A  |9 506517  |a BIBGIM  |b BIBGIM  |d 2020-01-23  |i 4072715  |o 331.137 PER 2004  |p 4072715  |r 2025-01-15  |w 2020-01-23  |y BK  |k GIM